Nommez le rappeur avec sa couverture d'album - Statistiques

Statistiques générales
  • Ce quiz a été pris 578 fois
  • Le résultat moyen est 20 sur 32
Statistiques - réponses
Par images Réponse % Correct
PNL
99%
Ninho
97%
PLK
92%
Niska
91%
Orelsan
91%
Gazo
89%
Jul
89%
Koba la D
89%
Naps
89%
Booba
83%
Vald
81%
Nekfeu
80%
Lomepal
78%
Djadja et Dinaz
69%
Maes
66%
Travis Scott
64%
Eminem
62%
Drake
61%
SCH
57%
Kendrick Lamar
54%
XXX Tentacion
54%
Pop Smoke
53%
Kanye West
44%
Mac Miller
44%
Lil Tecca
43%
Asap Rocky
37%
Future
31%
Juice Wrld
29%
Post Malone
27%
Metro Boomin
24%
Lil Uzi
22%
Sainté
5%
Aucun quiz correspondant
Distribution des résultats
% des personnes avec chaque résultat
Percentile par nombre de réponses
Votre historique - résultats
Vous n’avez pas pris ce quiz